| 000 | 00448nam a2200193Ia 4500 | ||
|---|---|---|---|
| 008 | 240510s9999 xx 000 0 und d | ||
| 020 | _a0008173666482 | ||
| 041 | _aEng | ||
| 082 | _a005.8 | ||
| 082 | _bP65 | ||
| 100 | _aMOBILY T. (ET-AL) | ||
| 245 | 0 | _aPROFESSIONAL APACHE SECURITY | |
| 260 | _bNEW DELHI : WROX | ||
| 260 | _c2003 | ||
| 300 | _a361 p. | ||
| 650 | _aAPACHE : WEB DESIGN : DATA SECURITY | ||
| 942 | _2ddc | ||
| 942 | _cRBK | ||
| 999 |
_c27019 _d27019 |
||
| 945 |
_a1 _bMadushi Gamage _c1 _dMadushi Gamage |
||